00911nam a22002417a 45000010005000000030006000050050017000110080041000280200018000690400029000870500008001160820008001241000020001322450086001522600032002383000050002704900025003205050008003455200246003535210020005995210020006197000030006397128FISKH20250626085523.0250624b cb ||||| |||| 00| 0 eng d a9788956355245 aFISKHbengcFISKHdFISKH aPZ7 a800 aSormark, Julie  aPuss in boots /cRetold by Julie Sormark : through the Art Style of Edward Manet  aSeoul : be-future, c2010. a35 pages : bcolor illustrations ; c23 cm .  aArt Classic Stories  aK  aA poor miller’s son inherits nothing from his father except for a cat. Desperate, he almost gives the cat away, but the cat promises to help him. The cat requests a pair of boots, which he uses to disguise himself and set off on a journey.8 a510 bLexile 8 aK bRaz-Plus  aSeo, SangikeIllustrator